| 000 | 00402nam a2200169Ia 4500 | ||
|---|---|---|---|
| 001 | 20549 | ||
| 003 | IN-NITTTR | ||
| 005 | 20251114233235.0 | ||
| 008 | 251113s9999||||xx |||||||||||||| ||eng|| | ||
| 040 | _beng | ||
| 040 | _cIN-NITTTR | ||
| 041 | _aeng | ||
| 082 | _a027.754 D468U | ||
| 100 | _aDeshpande, K. S. | ||
| 245 | 0 |
_aUniversity library system in India / _cDeshpande, K. S. |
|
| 942 |
_2ddc _cBK |
||
| 999 |
_c23179 _d23179 |
||